Empirical Analysis of bandwidth allocation in wimax (Record no. 11282)

000 -LEADER
fixed length control field 00542 a2200145 4500
082 ## - DEWEY DECIMAL CLASSIFICATION NUMBER
Classification number BICSE-6
100 ## - MAIN ENTRY--PERSONAL NAME
Personal name Muhammad Rizwan Javed
9 (RLIN) 93093
245 ## - TITLE STATEMENT
Title Empirical Analysis of bandwidth allocation in wimax
Statement of responsibility, etc. Muhammad Rizwan Javed
260 ## - PUBLICATION, DISTRIBUTION, ETC.
Place of publication, distribution, etc. Islamabad
Name of publisher, distributor, etc. NUST School of Electrical Engineering and Computer Science
Date of publication, distribution, etc. 2012
300 ## - PHYSICAL DESCRIPTION
Extent 38p.
Other physical details :ill.
Dimensions :27cm.+
Accompanying material CD-ROM
500 ## - GENERAL NOTE
General note Supervisors: Dr. Anjum Naveed, Dr. Zawar Hussain
563 ## - BINDING INFORMATION
Binding note HB
856 ## - ELECTRONIC LOCATION AND ACCESS
Uniform Resource Identifier <a href="http://10.250.8.41:8080/xmlui/handle/123456789/10745">http://10.250.8.41:8080/xmlui/handle/123456789/10745</a>
942 ## - ADDED ENTRY ELEMENTS (KOHA)
Koha item type Project Report
Call number prefix BICSE-6 RIZ
Source of classification or shelving scheme
Holdings
Withdrawn status Lost status Source of classification or shelving scheme Damaged status Not for loan Permanent Location Current Location Date acquired Full call number Barcode Date last seen Price effective from Koha item type
WITHDRAWN         Central Library (CL) Central Library (CL) 07/05/2022 BICSE-6 RIZ SEECSP01077 11/14/2012 11/14/2012 Project Report
© 2023 Central Library, National University of Sciences and Technology. All Rights Reserved.